[Event "Madrid San Viator op-A 28th"]
[Site "Madrid"]
[Date "2017.04.02"]
[Round "2"]
[White "Vaquerizo Calvo, Miguel Arturo"]
[Black "Lobato Rivero, Carlos"]
[Result "1-0"]
[WhiteElo "1830"]
[BlackElo "1969"]
[PlyCount "97"]
[EventDate "2017.03.26"]
[EventType "swiss"]
[EventRounds "9"]
[EventCountry "ESP"]
[SourceTitle "EXT 2018"]
[Source "ChessBase"]
[SourceDate "2017.10.13"]
[SourceVersion "1"]
[SourceVersionDate "2017.10.13"]
[SourceQuality "1"]

1. e4 c6 2. Nc3 d5 3. Nf3 Bg4 4. d4 dxe4 5. Nxe4 Nf6 6. Nxf6+ exf6 7. Be2 Bd6 8. 0-0 0-0 9. h3 Bh5 10. c4 Re8 11. Re1 Nd7 12. Nh4 Bb4 13. Bd2 Bxd2 14. Qxd2 Bxe2 15. Rxe2 Nb6 16. Rxe8+ Qxe8 17. Re1 Qd7 18. b3 g6 19. Qe3 Rd8 20. Nf3 Nc8 21. g4 f5 22. Qf4 fxg4 23. hxg4 Nd6 24. Ne5 Qe7 25. Re3 Qf8 26. Qf6 a6 27. c5 Nb5 28. Nxf7 Rb8 29. Qh8+ Kxf7 30. Rf3+ Ke7 31. Rxf8 Rxf8 32. Qxh7+ Rf7 33. Qxg6 Nxd4 34. Qe4+ Ne6 35. Qe5 Rg7 36. f3 Rg5 37. Qd6+ Kf6 38. b4 a5 39. a3 axb4 40. axb4 Rd5 41. Qg3 Rd1+ 42. Kf2 Rb1 43. Qh4+ Ke5 44. Qh5+ Kd4 45. Qf5 Rb2+ 46. Kg3 Re2 47. g5 Re5 48. Qf6 Nxg5 49. Kg4 1-0

[Event "Madrid San Viator op-A 26th"]
[Site "Madrid"]
[Date "2016.04.10"]
[Round "2"]
[White "Juzgado Niella, Angel Luis"]
[Black "Vaquerizo Calvo, Miguel Arturo"]
[Result "0-1"]
[WhiteElo "1566"]
[BlackElo "1797"]
[PlyCount "102"]
[EventDate "2016.04.03"]
[EventType "swiss"]
[EventRounds "9"]
[EventCountry "ESP"]
[SourceTitle "EXT 2017"]
[Source "ChessBase"]
[SourceDate "2016.10.25"]
[SourceVersion "1"]
[SourceVersionDate "2016.10.25"]
[SourceQuality "1"]

1. e4 c5 2. Nf3 d6 3. d4 cxd4 4. Nxd4 Nf6 5. Nc3 g6 6. Be3 Bg7 7. f3 0-0 8. Qd2 Nc6 9. 0-0-0 d5 10. Qe1 e5 11. Nxc6 bxc6 12. exd5 Nxd5 13. Bc4 Be6 14. Kb1 Qe7 15. Nxd5 cxd5 16. Bxd5 Bxd5 17. Rxd5 Rab8 18. Bc1 Rfc8 19. Qe4 f5 20. Qd3 e4 21. Qd2 e3 22. Qe2 Qb7 23. c4 f4 24. Rhd1 Qb4 25. Rb5 Rxb5 26. cxb5 Rb8 27. Rd5 Qe7 28. b3 Qe6 29. Rc5 Rc8 30. Rxc8+ Qxc8 31. Bb2 Qf5+ 32. Kc1 Qc5+ 33. Kd1 Bxb2 34. Qxb2 Qxb5 35. Qe2 Qd5+ 36. Kc2 Qf5+ 37. Kc1 Qc5+ 38. Kd1 Qd4+ 39. Kc2 Kf7 40. g3 g5 41. gxf4 gxf4 42. a3 Kf6 43. b4 Qd6 44. Kc1 Qc6+ 45. Kb2 Ke5 46. Kb1 Qg6+ 47. Kc1 Qg1+ 48. Kc2 Qf2 49. Kd3 Qxe2+ 50. Kxe2 Kd4 51. a4 Kc4 0-1

[Event "Madrid San Viator op-A 26th"]
[Site "Madrid"]
[Date "2016.04.03"]
[Round "1"]
[White "Vaquerizo Calvo, Miguel Arturo"]
[Black "Lopez Andujar Ocana, Antonio"]
[Result "0-1"]
[WhiteElo "1797"]
[BlackElo "2051"]
[PlyCount "72"]
[EventDate "2016.04.03"]
[EventType "swiss"]
[EventRounds "9"]
[EventCountry "ESP"]
[SourceTitle "EXT 2017"]
[Source "ChessBase"]
[SourceDate "2016.10.25"]
[SourceVersion "1"]
[SourceVersionDate "2016.10.25"]
[SourceQuality "1"]

1. e4 e5 2. Bc4 Nf6 3. d4 exd4 4. Nf3 Nc6 5. 0-0 Nxe4 6. Re1 d5 7. Bxd5 Qxd5 8. Nc3 Qa5 9. Nxe4 Be6 10. Bd2 Qd5 11. Bg5 Be7 12. Bxe7 Kxe7 13. Qd3 Rad8 14. Qa3+ Kd7 15. b4 Qb5 16. Rab1 Kc8 17. Nc5 Rhe8 18. Ne5 Kb8 19. Qb2 Nxe5 20. Rxe5 Qc4 21. a4 Bg4 22. Nd3 f6 23. Rc5 Qe6 24. Qc1 g5 25. b5 Bf5 26. Nb4 Be4 27. f3 Qd6 28. Rc4 Bxf3 29. gxf3 Re2 30. Nc6+ bxc6 31. bxc6+ Ka8 32. f4 Qe6 33. Qf1 Qe3+ 34. Kh1 Qe4+ 35. Kg1 gxf4 36. Qh3 Re1+ 0-1

[Event "Villalba op 3rd"]
[Site "Villalba"]
[Date "2015.08.15"]
[Round "8"]
[White "Vaquerizo Calvo, Miguel Arturo"]
[Black "Baeza Escudero, Javier"]
[Result "0-1"]
[WhiteElo "1824"]
[BlackElo "1863"]
[PlyCount "52"]
[EventDate "2015.08.09"]
[EventType "swiss"]
[EventRounds "9"]
[EventCountry "ESP"]
[SourceTitle "EXT 2024"]
[Source "ChessBase"]
[SourceDate "2023.10.10"]
[SourceVersion "1"]
[SourceVersionDate "2023.10.10"]
[SourceQuality "1"]

1. d4 Nf6 2. c4 e6 3. Nf3 b6 4. a3 Bb7 5. Nc3 d5 6. cxd5 exd5 7. Bg5 Be7 8. e3 0-0 9. Bd3 Nbd7 10. Rc1 Ne4 11. Bf4 c5 12. dxc5 Ndxc5 13. 0-0 Nxd3 14. Qxd3 Nc5 15. Qf5 g6 16. Qh3 Nd3 17. Rcd1 Nxb2 18. Qh6 Re8 19. Rd4 Bf8 20. Qh3 Bg7 21. Bg5 Qc8 22. Qh4 Qxc3 23. Bf6 Re4 24. g4 Qc8 25. h3 Bxf6 26. Qxf6 Qd8 0-1

[Event "Villalba op 3rd"]
[Site "Villalba"]
[Date "2015.08.12"]
[Round "4"]
[White "Vaquerizo Calvo, Miguel Arturo"]
[Black "Perez Mitjans, Orelvis"]
[Result "0-1"]
[WhiteElo "1824"]
[BlackElo "2434"]
[PlyCount "48"]
[EventDate "2015.08.09"]
[EventType "swiss"]
[EventRounds "9"]
[EventCountry "ESP"]
[SourceTitle "EXT 2024"]
[Source "ChessBase"]
[SourceDate "2023.10.10"]
[SourceVersion "1"]
[SourceVersionDate "2023.10.10"]
[SourceQuality "1"]

1. e4 d5 2. exd5 Qxd5 3. d4 Nc6 4. Be3 e5 5. c4 Qa5+ 6. Bd2 Bb4 7. d5 Bxd2+ 8. Nxd2 Nd4 9. Ngf3 Nxf3+ 10. Qxf3 Nf6 11. Qc3 Qxc3 12. bxc3 Bf5 13. Be2 0-0-0 14. 0-0 c6 15. f4 exf4 16. Rxf4 Bg6 17. Bf3 cxd5 18. c5 Kc7 19. Nb3 Rhe8 20. Kf2 Ne4+ 21. Bxe4 dxe4 22. Nd4 Re5 23. Nb5+ Kb8 24. Nd6 Rxc5 0-1

[Event "Madrid-ch"]
[Site "Madrid"]
[Date "2015.02.18"]
[Round "9"]
[White "Villodre Miranda, Juan Alonso"]
[Black "Vaquerizo Calvo, Miguel Arturo"]
[Result "1-0"]
[WhiteElo "1683"]
[BlackElo "1844"]
[PlyCount "49"]
[EventDate "2015.02.02"]
[EventType "swiss"]
[EventRounds "9"]
[EventCountry "ESP"]
[SourceTitle "CBM 164 Extra"]
[Source "ChessBase"]
[SourceDate "2015.03.02"]
[SourceVersion "1"]
[SourceVersionDate "2015.03.02"]
[SourceQuality "1"]

1. c4 e6 2. Nc3 d5 3. cxd5 exd5 4. d4 Nf6 5. e3 c6 6. g3 Bf5 7. Bg2 Bb4 8. Nge2 0-0 9. 0-0 Qc8 10. Qb3 Bd6 11. f3 Re8 12. Bd2 Nbd7 13. Rac1 Nb6 14. g4 Bg6 15. g5 Nfd7 16. e4 dxe4 17. fxe4 Qb8 18. Bf4 Bxf4 19. Nxf4 Re7 20. Nxg6 hxg6 21. Rf2 Qe8 22. Rcf1 a5 23. a4 Rb8 24. e5 Nd5 25. Bxd5 1-0

[Event "Madrid-ch"]
[Site "Madrid"]
[Date "2015.02.09"]
[Round "4"]
[White "Fernandez Rios, Jose Francisco"]
[Black "Vaquerizo Calvo, Miguel Arturo"]
[Result "1-0"]
[WhiteElo "1715"]
[BlackElo "1844"]
[PlyCount "90"]
[EventDate "2015.02.02"]
[EventType "swiss"]
[EventRounds "9"]
[EventCountry "ESP"]
[SourceTitle "CBM 164 Extra"]
[Source "ChessBase"]
[SourceDate "2015.03.02"]
[SourceVersion "1"]
[SourceVersionDate "2015.03.02"]
[SourceQuality "1"]

1. d4 c5 2. d5 Nf6 3. c4 b5 4. cxb5 a6 5. b6 d6 6. Nc3 Qxb6 7. e4 g6 8. Be2 Bg7 9. Nf3 Nbd7 10. 0-0 0-0 11. Nd2 Qd8 12. a4 Ne8 13. Nc4 Nb6 14. Ne3 Nc7 15. f4 Rb8 16. f5 Nd7 17. fxg6 hxg6 18. Ng4 Ne5 19. Nh6+ Kh7 20. Qd2 Ne8 21. Qf4 Nf6 22. Qh4 Bxh6 23. Bxh6 Rh8 24. Bf8+ Kg8 25. Bxe7 Qxe7 26. Qxf6 Qf8 27. Rab1 c4 28. Nd1 Bg4 29. Qf2 Qh6 30. h3 Bd7 31. Ne3 Rb3 32. Nxc4 Rxh3 33. gxh3 Bxh3 34. Nxe5 Bf5 35. Bf3 Qg5+ 36. Qg2 Qe3+ 37. Rf2 Bh3 38. Ng4 Qf4 39. Qh2 Qg5 40. Qg3 Rh4 41. Rh2 Rxg4 42. Bxg4 Bxg4 43. Rg2 f5 44. exf5 gxf5 45. Re1 Qd2 1-0

[Event "Collado Villalba op-B 26th"]
[Site "Collado Villalba"]
[Date "2009.08.26"]
[Round "6"]
[White "Vaquerizo Calvo, Miguel Arturo"]
[Black "Monmeneu Chulia, Vicente Juan"]
[Result "1-0"]
[WhiteElo "1713"]
[BlackElo "1999"]
[PlyCount "41"]
[EventDate "2009.08.21"]
[EventType "swiss"]
[EventRounds "9"]
[EventCountry "ESP"]
[SourceTitle "EXT 2011"]
[Source "ChessBase"]
[SourceDate "2010.11.26"]
[SourceVersion "1"]
[SourceVersionDate "2010.11.26"]
[SourceQuality "1"]

1. e4 e6 2. d4 d5 3. Nc3 Bb4 4. Bd2 Ne7 5. Qg4 Kf8 6. 0-0-0 e5 7. Qg3 exd4 8. Nxd5 Nxd5 9. exd5 Bxd2+ 10. Rxd2 Qxd5 11. Qxc7 Nc6 12. b3 b5 13. Qf4 Be6 14. Nf3 Rd8 15. Ng5 Bf5 16. Bd3 Bxd3 17. Rxd3 Ne5 18. Rd2 f6 19. Rxd4 Qxg2 20. Rxd8+ Ke7 21. Rdd1 1-0